| 000 -ლიდერი |
| ფიქსირებული სიგრძის საკონტროლო ველი |
01861nam a2200265Ia 4500 |
| 001 - საკონტროლო ნომერი |
| საკონტროლო ველი |
21529 |
| 003 - საკონტროლო ნომრის იდენტიფიკატორი |
| საკონტროლო ველი |
GE_BSU |
| 005 - ბოლო ოპერაციის თარიღი და დრო |
| საკონტროლო ველი |
20210329153217.0 |
| 008 - ფიქსირებული სიგრძის მონაცემთა ელემენტები - ზოგადი ინფორმაცია |
| ფიქსირებული სიგრძის საკონტროლო ველი |
181216s2017||||ge |||||||||||||| ||geo|| |
| 040 ## - კატალოგიზაციის წყარო |
| Transcribing agency |
GE_BSU |
| 041 ## - ენის კოდი |
| Language code of text/sound track or separate title |
geo |
| 080 ## - უნივერსალური ათობითი კლასიფიკაციის ინდექსი |
| Universal Decimal Classification number |
57 ბ-83 |
| 100 ## - მთავარი ჩანაწერი - პიროვნების სახელი |
| Personal name |
ბოლქვაძე, ბულბული |
| 9 (RLIN) |
10793 |
| 245 ## - ცნობა სათაურის შესახებ |
| Title |
ცენტრალური და სამხრეთ კოლხეთის ზღვისპირა დაბლობის დიუნებისა და მტკნარწყლიანი ტბორების მცენარეულობა, კონსერვაცია და გონივრული გამოყენება / |
| Statement of responsibility, etc |
ბულბული ბოლქვაძე; სამეცნ. ხელმძღვანელი ჰიუსტენი, ჰანს, მაჭუტაძე, იზოლდა. |
| 264 ## - წარმოების, გამოცემის, დისტრიბუციის და სხვა ცნობები |
| გამოცემის, წარმოების, დისტრიბუციის... ადგილი |
ბათუმი |
| გამოცემის, წარმოების, დისტრიბუციის... თარიღი |
2017 |
| 300 ## - ფიზიკური აღწერა |
| Extent |
164 გვ. ; |
| Other physical details |
ილ., |
| Dimensions |
30 სმ. |
| 504 ## - BIBLIOGRAPHY, ETC. NOTE |
| Bibliography, etc |
ბიბლ. გვ. 118-126 |
| 653 ## - INDEX TERM--UNCONTROLLED |
| Uncontrolled term |
ბიოლოგია |
| 653 ## - INDEX TERM--UNCONTROLLED |
| Uncontrolled term |
დისერტაცია |
| 653 ## - INDEX TERM--UNCONTROLLED |
| Uncontrolled term |
ბიომრავალფეროვნება |
| 653 ## - INDEX TERM--UNCONTROLLED |
| Uncontrolled term |
ცენტრალური და სამხრეთ კოლხეთის ზღვისპირა დაბლობის დიუნებისა და მტკნარწყლიანი ტბორების მცენარეულობა, კონსერვაცია და გონივრული გამოყენება |
| 700 ## - ADDED ENTRY--PERSONAL NAME |
| Personal name |
ჰიუსტენი, ჰანს |
| Relator term |
სამეცნ. ხელმძღვანელი |
| 9 (RLIN) |
10794 |
| 700 ## - ADDED ENTRY--PERSONAL NAME |
| Personal name |
მაჭუტაძე, იზოლდა |
| Relator term |
სამეცნ. ხელმძღვანელი |
| 9 (RLIN) |
10071 |
| 942 ## - ADDED ENTRY ELEMENTS (KOHA) |
| Koha item type |
წიგნი |
| Source of classification or shelving scheme |
|